[Event "TUR-chT2"]
[Site "Konya"]
[Date "2018.07.15"]
[Round "9.7"]
[White "Saridag, Omer Melih"]
[Black "Tinarlioglu, Emre"]
[Result "0-1"]
[WhiteElo "1733"]
[BlackElo "1926"]
[PlyCount "66"]
[EventDate "2018.07.10"]
[EventType "team-swiss"]
[EventRounds "9"]
[EventCountry "TUR"]
[SourceTitle "EXT 2019"]
[Source "ChessBase"]
[SourceDate "2018.10.10"]
[SourceVersion "1"]
[SourceVersionDate "2018.10.10"]
[SourceQuality "1"]
[WhiteTeam "Bursa Uludag"]
[BlackTeam "Siirt Cedid"]
[WhiteTeamCountry "TUR"]
[BlackTeamCountry "TUR"]

1. d4 Nf6 2. c4 c5 3. d5 e6 4. Nc3 exd5 5. cxd5 d6 6. Nf3 g6 7. e3 Bg7 8. Nd2 Nbd7 9. Be2 0-0 10. Nc4 Nb6 11. 0-0 Re8 12. f3 Nxc4 13. Bxc4 a6 14. a4 Rb8 15. e4 Nd7 16. Be2 Qe7 17. Bf4 Bd4+ 18. Kh1 f5 19. Bd3 g5 20. Bc1 f4 21. g3 fxg3 22. hxg3 Qg7 23. Kg2 Rf8 24. Bd2 Ne5 25. Be2 Bd7 26. Rh1 Rf6 27. Qc2 Rbf8 28. Raf1 Nxf3 29. Bxf3 g4 30. Be2 Rf2+ 31. Rxf2 Rxf2+ 32. Kg1 Qf7 33. Bf4 Rxe2+ 0-1

[Event "TUR-chT2"]
[Site "Konya"]
[Date "2018.07.12"]
[Round "5.5"]
[White "Coskun, Arda"]
[Black "Tinarlioglu, Emre"]
[Result "1-0"]
[WhiteElo "1777"]
[BlackElo "1926"]
[PlyCount "57"]
[EventDate "2018.07.10"]
[EventType "team-swiss"]
[EventRounds "9"]
[EventCountry "TUR"]
[SourceTitle "EXT 2019"]
[Source "ChessBase"]
[SourceDate "2018.10.10"]
[SourceVersion "1"]
[SourceVersionDate "2018.10.10"]
[SourceQuality "1"]
[WhiteTeam "Mercan Egitim"]
[BlackTeam "Siirt Cedid"]
[WhiteTeamCountry "TUR"]
[BlackTeamCountry "TUR"]

1. e4 c5 2. Nc3 d6 3. d4 cxd4 4. Qxd4 Nf6 5. b3 Nc6 6. Qd2 g6 7. Bb2 Bg7 8. 0-0-0 0-0 9. f3 a6 10. Kb1 b5 11. g4 h5 12. gxh5 Nxh5 13. Nge2 Ne5 14. Bg2 Kh7 15. f4 Ng4 16. Ng3 Ra7 17. Nxh5 gxh5 18. h3 Nh6 19. Bf3 e6 20. Nxb5 axb5 21. Bxg7 Rg8 22. Bb2 Rd7 23. Rhg1 Bb7 24. Qd4 f5 25. Rxg8 Qxg8 26. Rg1 Qf8 27. Bxh5 e5 28. Bg6+ Kg7 29. fxe5 1-0

[Event "TUR-chT 1st League"]
[Site "Konya"]
[Date "2017.07.22"]
[Round "8.7"]
[White "Nalbant, Tuna Onat"]
[Black "Tinarlioglu, Emre"]
[Result "1/2-1/2"]
[WhiteElo "2037"]
[BlackElo "1856"]
[PlyCount "75"]
[EventDate "2017.07.17"]
[EventType "team-swiss"]
[EventRounds "9"]
[EventCountry "TUR"]
[SourceTitle "CBM 179 Extra"]
[Source "ChessBase"]
[SourceDate "2017.08.23"]
[SourceVersion "1"]
[SourceVersionDate "2017.08.23"]
[SourceQuality "1"]
[WhiteTeam "Manisa Turkuaz"]
[BlackTeam "Ordu Buyuksehir Belediye"]
[WhiteTeamCountry "TUR"]
[BlackTeamCountry "TUR"]

1. e4 c5 2. Nf3 d6 3. d4 cxd4 4. Nxd4 Nf6 5. f3 e5 6. Nb3 Be6 7. c4 a5 8. Be3 a4 9. N3d2 Qa5 10. Nc3 Be7 11. Nd5 Bd8 12. Bd3 Nbd7 13. 0-0 Bxd5 14. cxd5 b5 15. Qe2 Rb8 16. Rfc1 Bb6 17. Rc6 Ke7 18. Rac1 Bc5 19. Qf2 Qa7 20. Nf1 g6 21. g3 Bxe3 22. Nxe3 Nc5 23. Bf1 Rhc8 24. Rc2 Rxc6 25. dxc6 Qc7 26. Nd5+ Nxd5 27. exd5 Qb6 28. Kg2 f5 29. f4 exf4 30. Qxf4 Ne4 31. Qh6 Kf6 32. Qxh7 Ng5 33. Qd7 Rd8 34. Qb7 Qd4 35. Re2 Qxd5+ 36. Kf2 Qd4+ 37. Kg2 Qd5+ 38. Kf2 1/2-1/2

[Event "TUR-chT 1st League"]
[Site "Konya"]
[Date "2017.07.18"]
[Round "3.9"]
[White "Tinarlioglu, Emre"]
[Black "Eldemir, Goksu"]
[Result "0-1"]
[WhiteElo "1856"]
[BlackElo "1862"]
[PlyCount "104"]
[EventDate "2017.07.17"]
[EventType "team-swiss"]
[EventRounds "9"]
[EventCountry "TUR"]
[SourceTitle "CBM 179 Extra"]
[Source "ChessBase"]
[SourceDate "2017.08.23"]
[SourceVersion "1"]
[SourceVersionDate "2017.08.23"]
[SourceQuality "1"]
[WhiteTeam "Ordu Buyuksehir Belediye"]
[BlackTeam "Callica Burdur"]
[WhiteTeamCountry "TUR"]
[BlackTeamCountry "TUR"]

1. e4 c5 2. c3 Nf6 3. e5 Nd5 4. d4 cxd4 5. cxd4 e6 6. Nf3 d6 7. Bc4 Nb6 8. Bd3 Nc6 9. 0-0 Nb4 10. Be4 d5 11. Bd3 Nxd3 12. Qxd3 Be7 13. Nc3 0-0 14. b3 Bd7 15. g3 Rc8 16. a4 a6 17. h4 h6 18. Kg2 Na8 19. g4 b5 20. g5 h5 21. axb5 axb5 22. Ne2 g6 23. Bd2 b4 24. Nf4 Kg7 25. Rfc1 Rxc1 26. Rxc1 Qb6 27. Qe3 Bb5 28. Ne1 Nc7 29. Nfd3 Na6 30. Nc5 Rb8 31. Ned3 Bxd3 32. Nd7 Qb5 33. Nxb8 Nxb8 34. Rc7 Bf8 35. Rc8 Be4+ 36. f3 Bf5 37. Kf2 Nc6 38. Kg2 Qb7 39. Re8 Be7 40. Qg1 Bd8 41. Qe1 Qd7 42. Rxd8 Qxd8 43. Bxb4 Qb6 44. Bc5 Qxb3 45. Qa1 Bb1 46. Kg3 Be4 47. Qf1 Qd3 48. Qf2 Na5 49. Kf4 Bf5 50. Be7 Nc4 51. Kg3 Nd2 52. Kg2 Nxf3 0-1

[Event "TUR-chT 1st League"]
[Site "Konya"]
[Date "2017.07.17"]
[Round "1.3"]
[White "Tinarlioglu, Emre"]
[Black "Kilic, Efe Mert"]
[Result "0-1"]
[WhiteElo "1856"]
[BlackElo "2287"]
[PlyCount "86"]
[EventDate "2017.07.17"]
[EventType "team-swiss"]
[EventRounds "9"]
[EventCountry "TUR"]
[SourceTitle "CBM 179 Extra"]
[Source "ChessBase"]
[SourceDate "2017.08.23"]
[SourceVersion "1"]
[SourceVersionDate "2017.08.23"]
[SourceQuality "1"]
[WhiteTeam "Ordu Buyuksehir Belediye"]
[BlackTeam "Istanbul Darussafaka"]
[WhiteTeamCountry "TUR"]
[BlackTeamCountry "TUR"]

1. e4 c6 2. d4 d5 3. exd5 cxd5 4. c4 Nf6 5. Nc3 Nc6 6. Bg5 Be6 7. Be2 Qa5 8. Nf3 Rd8 9. 0-0 dxc4 10. Re1 Bg4 11. Bxf6 gxf6 12. Bxc4 Qb4 13. Nd5 Qd6 14. Qb3 Rd7 15. Qc3 Rg8 16. Nd2 f5 17. b4 Bg7 18. Nb3 e6 19. h3 Bh5 20. b5 Ne7 21. Nxe7 Kxe7 22. Bd3 Bxd4 23. Nxd4 Qxd4 24. Qxd4 Rxd4 25. Bxf5 Bf3 26. g3 Rg5 27. Bc2 Rh4 28. Bf5 Rhh5 29. Be4 Bxe4 30. Rxe4 Rxh3 31. Kg2 Rgh5 32. a4 Rh2+ 33. Kf3 Rf5+ 34. Rf4 Rxf4+ 35. gxf4 Rh3+ 36. Kg2 Rc3 37. Rh1 Rc4 38. Kg3 Rxa4 39. Rxh7 Ra5 40. Rh5 a6 41. Kf3 Rxb5 42. Rxb5 axb5 43. Ke4 Kf6 0-1

[Event "TUR Cup"]
[Site "Antalya"]
[Date "2017.01.31"]
[Round "5"]
[White "Tinarlioglu, Emre"]
[Black "Alev, Gonulden Seda"]
[Result "1-0"]
[WhiteElo "1917"]
[BlackElo "1668"]
[PlyCount "93"]
[EventDate "2017.01.28"]
[EventType "swiss"]
[EventRounds "11"]
[EventCountry "TUR"]
[SourceTitle "CBM 176 Extra"]
[Source "ChessBase"]
[SourceDate "2017.03.02"]
[SourceVersion "1"]
[SourceVersionDate "2017.03.02"]
[SourceQuality "1"]

1. e4 c5 2. c3 d5 3. exd5 Qxd5 4. d4 cxd4 5. cxd4 Nf6 6. Nc3 Qd8 7. Nf3 e6 8. Bd3 a6 9. 0-0 Be7 10. Qe2 0-0 11. Bg5 Nc6 12. Rad1 Nb4 13. Bb1 Nbd5 14. Ne5 h6 15. Nxd5 Nxd5 16. Qd3 f5 17. Bxe7 Nxe7 18. Bc2 b5 19. Bb3 Rf6 20. Qf3 Rb8 21. Nc6 Nxc6 22. Qxc6 Kh8 23. Rc1 Bb7 24. Qc7 Qe8 25. Rfe1 f4 26. Bxe6 Qf8 27. f3 Rxe6 28. Rxe6 Rc8 29. Qxb7 Rxc1+ 30. Kf2 Rc2+ 31. Re2 Rxe2+ 32. Kxe2 Qd6 33. Qa8+ Kh7 34. Qe4+ Kg8 35. d5 Kf8 36. Kd3 Qf6 37. a3 h5 38. b4 g5 39. Qe6 Qb2 40. Qh6+ Ke8 41. Qxh5+ Kd7 42. Qf7+ Kd8 43. Qf8+ Kd7 44. Qf7+ Kd8 45. d6 Qxa3+ 46. Kc2 Qe3 47. Qc7+ 1-0

[Event "TUR Cup"]
[Site "Antalya"]
[Date "2017.01.28"]
[Round "1"]
[White "Tinarlioglu, Emre"]
[Black "Akcal, Hikmet"]
[Result "1-0"]
[WhiteElo "1917"]
[BlackElo "1517"]
[PlyCount "36"]
[EventDate "2017.01.28"]
[EventType "swiss"]
[EventRounds "11"]
[EventCountry "TUR"]
[SourceTitle "CBM 176 Extra"]
[Source "ChessBase"]
[SourceDate "2017.03.02"]
[SourceVersion "1"]
[SourceVersionDate "2017.03.02"]
[SourceQuality "1"]

1. e4 d6 2. d4 g6 3. Nc3 Bg7 4. f4 Nf6 5. Nf3 0-0 6. Bd3 c5 7. dxc5 dxc5 8. h3 Nc6 9. Be3 b6 10. Qe2 Nh5 11. Qf2 e5 12. f5 Nd4 13. g4 Nf4 14. Bc4 a6 15. Bxf4 exf4 16. 0-0-0 Bb7 17. Bd5 Rb8 18. Bxb7 Rxb7 1-0

[Event "Mersin op 1st"]
[Site "Mersin"]
[Date "2016.10.26"]
[Round "5"]
[White "Erece, Ece Alkim"]
[Black "Tinarlioglu, Emre"]
[Result "0-1"]
[WhiteElo "1895"]
[BlackElo "1997"]
[PlyCount "108"]
[EventDate "2016.10.23"]
[EventType "swiss"]
[EventRounds "9"]
[EventCountry "TUR"]
[SourceTitle "EXT 2018"]
[Source "ChessBase"]
[SourceDate "2017.10.13"]
[SourceVersion "1"]
[SourceVersionDate "2017.10.13"]
[SourceQuality "1"]

1. e4 c5 2. Nf3 d6 3. Bb5+ Bd7 4. Bxd7+ Qxd7 5. 0-0 Nf6 6. Re1 Nc6 7. c3 e6 8. d4 cxd4 9. cxd4 d5 10. e5 Ne4 11. a3 Be7 12. Qd3 0-0 13. Nbd2 Nxd2 14. Bxd2 f6 15. exf6 Bxf6 16. Re2 Rae8 17. Rae1 Qf7 18. Bc3 g5 19. Qd2 h6 20. h3 Bg7 21. b4 Qg6 22. b5 Nd8 23. Ne5 Bxe5 24. Rxe5 Nf7 25. R5e3 Nd6 26. Qe2 Ne4 27. f3 Nxc3 28. Rxc3 Qf6 29. Qe5 Qxe5 30. Rxe5 Kf7 31. Rce3 Re7 32. h4 Kf6 33. Kh2 Rc8 34. hxg5+ hxg5 35. g4 Rc4 36. Rd3 Rxd4 37. Rxe6+ Rxe6 38. Rxd4 Ke5 39. Rd2 d4 40. Kg3 Kd5 41. a4 Kc4 42. Rc2+ Kb3 43. Rc5 Rd6 44. Kf2 b6 45. Rxg5 d3 46. Rh5 d2 47. Rh1 d1Q 48. Rxd1 Rxd1 49. g5 Kxa4 50. f4 Kxb5 51. Ke3 Kc6 52. g6 Rg1 53. f5 Kd6 54. Ke4 Ke7 0-1

[Event "Mersin op 1st"]
[Site "Mersin"]
[Date "2016.10.23"]
[Round "1"]
[White "Tinarlioglu, Emre"]
[Black "Yildiz Kadioglu, Betul Cemre"]
[Result "0-1"]
[WhiteElo "1997"]
[BlackElo "2364"]
[PlyCount "128"]
[EventDate "2016.10.23"]
[EventType "swiss"]
[EventRounds "9"]
[EventCountry "TUR"]
[SourceTitle "EXT 2018"]
[Source "ChessBase"]
[SourceDate "2017.10.13"]
[SourceVersion "1"]
[SourceVersionDate "2017.10.13"]
[SourceQuality "1"]

1. e4 e5 2. Bc4 Nf6 3. d3 Nc6 4. Nf3 Be7 5. 0-0 0-0 6. Nc3 d6 7. h3 Na5 8. Re1 h6 9. a4 Nxc4 10. dxc4 c6 11. b3 Qc7 12. Ba3 Ne8 13. Qe2 a5 14. Rad1 b6 15. Rd2 g6 16. Rd3 Kh7 17. Qd2 f5 18. Rd1 Rf6 19. Bc1 f4 20. Nh2 g5 21. Qe2 Ng7 22. Ng4 Rg6 23. f3 h5 24. Nf2 Ba6 25. Ba3 Rg8 26. Kf1 Rd8 27. Qd2 Bc8 28. Qe2 Ne6 29. Qd2 Ng7 30. Qe2 Kg8 31. R1d2 Kf7 32. Ke1 Rh8 33. Kd1 g4 34. Kc1 g3 35. Nfd1 Bxh3 36. gxh3 g2 37. Qxg2 Rxg2 38. Rxg2 Rh6 39. Rdd2 Rg6 40. Rxg6 Kxg6 41. Rg2+ Kf7 42. Nf2 Ne6 43. Ne2 Qb8 44. Nd3 Nf8 45. Bb2 Ng6 46. Rg1 Qc8 47. Rh1 Nh4 48. Ne1 Bf6 49. Rh2 Ke6 50. Nd3 Kf7 51. Ne1 Ng6 52. Nd3 Bh4 53. Ng1 Qd8 54. Rg2 b5 55. axb5 cxb5 56. cxb5 Qb6 57. Kd1 Bg3 58. Ne2 Nh4 59. Rg1 Nxf3 60. Rf1 Nh2 61. Nxg3 Nxf1 62. Nxf1 Qg1 63. Ke1 Qg2 64. Nf2 Qf3 0-1